Sexo y cultura

Bewaard in:
Bibliografische gegevens
Hoofdauteur: Alvarez Villar, Alfonso (Auteur)
Formaat: Boek
Taal:Spaans
Gepubliceerd in: Madrid Biblioteca Nueva 1971
Reeks:Estudios de Psicología de la Cultura, 2
Onderwerpen:
Tags: Voeg label toe
Geen labels, Wees de eerste die dit record labelt!

MARC

LEADER 00000nam a2200000 a 4500
001 UCL2522
003 CL-VaPUC
008 031024e19710000SP |||||||||||||||||spa|d
082 0 4 |a 306.7  |b ALV  |2 21 
100 0 |a Alvarez Villar, Alfonso  |e author  |9 479634 
245 1 0 |a Sexo y cultura 
300 |a 540 p 
942 |c BK 
945 |d 20031024 00:00:00  |a cmena 
260 |a Madrid  |b Biblioteca Nueva  |c 1971 
650 0 |a Psicología social   |9 222894 
650 0 |a Sexualidad  |9 358183 
650 0 |a Antropología cultural y social   |9 265143 
650 7 |a TRASTORNOS SEXUALES  |2 CL-VaPUC  |9 309896 
583 |a last modification  |c 20031024 00:00:00  |k Rodrigo Vera 
490 0 |a Estudios de Psicología de la Cultura, 2 
999 |c 305822  |d 305820 
952 |0 0  |1 0  |4 0  |6 306_700000000000000_ALV_1971  |7 0  |8 A  |9 370282  |a BIBEDU  |b BIBEDU  |d 2019-11-21  |i 3954412  |o 306.7 ALV 1971  |p 3954412  |r 2019-11-21  |w 2019-11-21  |y BK  |k EDU